X - teams : (Record no. 21561)

MARC details
000 -LEADER
fixed length control field 00747nam a22002537a 4500
003 - CONTROL NUMBER IDENTIFIER
control field OSt
008 - FIXED-LENGTH DATA ELEMENTS--GENERAL INFORMATION
fixed length control field 260303b2023 |||||||| |||| 00| 0 eng d
020 ## - INTERNATIONAL STANDARD BOOK NUMBER
International Standard Book Number 9781647824761
082 ## - DEWEY DECIMAL CLASSIFICATION NUMBER
Classification number 658.4022
Item number ANC-X
100 ## - MAIN ENTRY--PERSONAL NAME
Personal name Ancona, Deborah
245 ## - TITLE STATEMENT
Title X - teams :
Remainder of title how to build teams that lead innovate and succeed /
Statement of responsibility, etc Deborah Ancona and Henrik Bresman
260 ## - PUBLICATION, DISTRIBUTION, ETC. (IMPRINT)
Place of publication, distribution, etc Boston :
Name of publisher, distributor, etc Harvard Business Review,
Date of publication, distribution, etc 2023.
300 ## - PHYSICAL DESCRIPTION
Extent / Pages xvi, 195 p. ;
650 ## - SUBJECT ADDED ENTRY--TOPICAL TERM
Topical term or geographic name as entry element Teams in the workplace
650 ## - SUBJECT ADDED ENTRY--TOPICAL TERM
Topical term or geographic name as entry element Teamwork
650 ## - SUBJECT ADDED ENTRY--TOPICAL TERM
Topical term or geographic name as entry element Leadership
650 ## - SUBJECT ADDED ENTRY--TOPICAL TERM
Topical term or geographic name as entry element Organizational innovation
650 ## - SUBJECT ADDED ENTRY--TOPICAL TERM
Topical term or geographic name as entry element Organizational behavior
650 ## - SUBJECT ADDED ENTRY--TOPICAL TERM
Topical term or geographic name as entry element Collaboration
650 ## - SUBJECT ADDED ENTRY--TOPICAL TERM
Topical term or geographic name as entry element High performance teams
650 ## - SUBJECT ADDED ENTRY--TOPICAL TERM
Topical term or geographic name as entry element Management
700 ## - ADDED ENTRY--PERSONAL NAME
Personal name Bresman, Henrik
942 ## - ADDED ENTRY ELEMENTS (KOHA)
Source of classification or shelving scheme
Koha item type Books
Holdings
Withdrawn status Lost status Source of classification or shelving scheme Damaged status Not for loan Home library Current library Date acquired Source of acquisition Currency Cost, normal purchase price Full call number Barcode Date last seen Copy number Bill Date Koha item type Bill Number
          SOBD Library SOBD Library 17/02/2026 All India Book House INR 1350.00 658.4022 ANC-X1 008291 03/03/2026 1 17/02/2026 Reference Books NA/IN/1929
          SOBD Library SOBD Library 17/02/2026 All India Book House INR 1350.00 658.4022 ANC-X2 008292 03/03/2026 2 17/02/2026 Books NA/IN/1929
          SOBD Library SOBD Library 17/02/2026 All India Book House INR 1350.00 658.4022 ANC-X3 008293 03/03/2026 3 17/02/2026 Books NA/IN/1929
Hosted, Implemented, Customized & Maintained by: BestBookBuddies

Powered by Koha